| 000 | 00609nam a2200205 4500 | ||
|---|---|---|---|
| 001 | 118944 | ||
| 003 | ES-MaACL | ||
| 005 | 20250728063128.0 | ||
| 007 | t| | ||
| 008 | 070214s1970 sp r ||||1| spa d | ||
| 080 | _a84-311.6"19" | ||
| 100 | 1 |
_aPeyramaure, Michel, _d1922-2023 _991594 |
|
| 245 | 1 | 4 |
_aLos colosos de Cartago : _bnovela / _cMichel Peyramaure. |
| 260 |
_aBilbao : _bMensajero, _c1970. |
||
| 300 |
_a219 p., 1 mapa ; _c21 cm. |
||
| 490 | 1 |
_aHistoria y aventuras ; _v29 |
|
| 830 | 1 | 0 |
_aHistoria y aventuras _v29 _9186948 |
| 852 |
_aES-MaACL _jC-38988 |
||
| 999 |
_c118944 _d118944 |
||